[Event "Russian Championship HL 2015 Male"]
[Site "Kaliningrad"]
[Date "2015.06.24"]
[Round "3.18"]
[White "Triapishko, Olexandr"]
[Black "Landa, Konstantin"]
[Result "1/2-1/2"]
[WhiteElo "2462"]
[BlackElo "2627"]
[PlyCount "0"]
[EventDate "2015.06.22"]

1.e4 c5 2.Nf3 e6 3.d4 cxd4 4.Nxd4 Nc6 5.Nc3 Qc7 6.Be3 Nf6 7.Qf3
a6 8.O-O-O Ne5 9.Qg3 b5 10.Ndxb5 axb5 11.Nxb5 Qb8 12.Bd4 d6 13.Bxe5
dxe5 14.Qc3 Be7 15.Nc7+ Kf8 16.Nxa8 Qxa8 17.f3 Qb8 18.Qb3 Qc7
19.Qc4 Qb8 20.Qb3 Qc7 21.Qc4 Qb8 22.Qb3 Qc7 23.Qc4 Qb8 24.Qb3 1/2-1/2

[Event "Russian Championship HL 2015 Male"]
[Site "Kaliningrad"]
[Date "2015.06.24"]
[Round "3.19"]
[White "Pridorozhni, Aleksei"]
[Black "Shemeakin, Alexander"]
[Result "1-0"]
[WhiteElo "2556"]
[BlackElo "2264"]
[PlyCount "0"]
[EventDate "2015.06.22"]

1.e4 e6 2.d4 d5 3.Nc3 Nf6 4.Bg5 Be7 5.e5 Nfd7 6.h4 Bxg5 7.hxg5
Qxg5 8.Nh3 Qe7 9.Nf4 g6 10.Bd3 Nb6 11.a4 a5 12.Nb5 Na6 13.Qd2
Bd7 14.Qxa5 Bc6 15.b3 O-O 16.Qd2 Nb4 17.Nc3 Qg5 18.Nce2 Nxd3+
19.Nxd3 Qxd2+ 20.Kxd2 Nd7 21.g4 f6 22.f4 b6 23.f5 exf5 24.gxf5
fxe5 25.dxe5 d4 26.Rh4 Bb5 27.fxg6 hxg6 28.Ndf4 Bd3 29.Nxd3 Rae8
30.Rg1 Nxe5 31.Nxe5 Rxe5 32.Rxg6+ Kf7 33.Rc6 Re7 34.Rh7+ Ke8
35.Rxe7+ Kxe7 36.Rxc7+ Kd6 37.Rc4 Kd5 38.Rb4 Rf6 39.Kc1 Rh6 40.Kb2
Rg6 41.Rc4 b5 42.axb5 Rb6 43.Rb4 Kc5 44.Ka3 Rxb5 45.Rxb5+ Kxb5
46.Ka2 Kc5 47.Kb1 1-0

[Event "Russian Championship HL 2015 Male"]
[Site "Kaliningrad"]
[Date "2015.06.24"]
[Round "3.20"]
[White "Kravtsov, Sergey"]
[Black "Shariyazdanov, Andrey"]
[Result "0-1"]
[WhiteElo "2325"]
[BlackElo "2535"]
[PlyCount "0"]
[EventDate "2015.06.22"]

1.e4 g6 2.d4 Bg7 3.c3 d6 4.Nf3 Nf6 5.Bd3 O-O 6.O-O Nc6 7.Nbd2
e5 8.dxe5 Nxe5 9.Nxe5 dxe5 10.Be2 b6 11.Qc2 Bb7 12.Re1 Nd7 13.Nf1
Nc5 14.f3 Qe7 15.Be3 Ne6 16.Rad1 Nf4 17.Bc4 h5 18.Kh1 Kh7 19.Rd2
Qf6 20.Qb3 Rae8 21.Rd7 Re7 22.Red1 Bc8 23.Rxe7 Qxe7 24.Rd2 Qf6
25.Qd1 a6 26.a4 Bh6 27.g3 Ne6 28.Bxh6 Kxh6 29.Bxe6 Bxe6 30.Kg2
h4 31.Ne3 hxg3 32.hxg3 Kg7 33.Nd5 Qg5 34.f4 exf4 35.Nxf4 Bg4
36.Qg1 c5 37.Qe3 Qh6 38.Rd6 Rh8 39.Qg1 Qh7 40.Rd5 Qh6 41.Rd6
Re8 42.Qe3 Bf5 43.e5 Rh8 44.Kf2 Qh1 45.Qf3 Qc1 46.g4 Rh1 47.Ne2
Qf1+ 48.Ke3 Rh3 49.Ng3 Qe1+ 50.Kf4 Rxg3 51.Qxg3 g5+ 0-1

[Event "Russian Championship HL 2015 Male"]
[Site "Kaliningrad"]
[Date "2015.06.24"]
[Round "3.21"]
[White "Sjugirov, Sanan"]
[Black "Mokshanov, Alexey"]
[Result "1-0"]
[WhiteElo "2662"]
[BlackElo "2458"]
[PlyCount "0"]
[EventDate "2015.06.22"]

1.e4 e6 2.d4 d5 3.Nd2 Nf6 4.e5 Nfd7 5.Bd3 c5 6.c3 Nc6 7.Ne2 cxd4
8.cxd4 f6 9.exf6 Nxf6 10.O-O Bd6 11.Nf3 Qc7 12.Bg5 O-O 13.Rc1
Bd7 14.Ng3 Kh8 15.Bb1 Be8 16.Re1 Bf7 17.Ne5 Bg8 18.Re3 Rac8 19.Bf4
Nd7 20.Ne2 Ndxe5 21.dxe5 Bb4 22.Rh3 Qf7 23.Qd3 g6 24.Qg3 Ne7
25.Rxc8 Rxc8 26.Bg5 Kg7 27.Qh4 1-0

[Event "Russian Championship HL 2015 Male"]
[Site "Kaliningrad"]
[Date "2015.06.24"]
[Round "3.22"]
[White "Airapetian, Gor"]
[Black "Volkov, Sergey"]
[Result "1/2-1/2"]
[WhiteElo "2444"]
[BlackElo "2599"]
[PlyCount "0"]
[EventDate "2015.06.22"]

1.d4 d5 2.c4 c6 3.Nc3 dxc4 4.e3 b5 5.a4 b4 6.Ne4 Qd5 7.Ng3 Nf6
8.Be2 e5 9.Nf3 exd4 10.exd4 Bd6 11.Nf1 Ba6 12.Ne3 Qe6 13.Ng5
Qd7 14.Nxc4 h6 15.Nf3 O-O 16.O-O Rd8 17.Be3 Nd5 18.Qb3 Qc7 19.Rac1
Bc8 20.Nfe5 Be6 21.Bd2 Nb6 22.Bxb4 Bxb4 23.Qxb4 Rxd4 24.Qc3 Rd8
25.b3 Nd5 26.Qa5 Qe7 27.Rfd1 Rc8 28.Bf3 Nd7 29.Nxc6 Rxc6 30.Bxd5
Rc5 31.Qe1 Rb8 32.Bxe6 fxe6 33.Qe3 Nf6 34.Ne5 Rxc1 35.Rxc1 Nd5
36.Qf3 Qg5 37.Re1 Rf8 38.Qg4 Qxg4 39.Nxg4 Rb8 40.Rxe6 Rxb3 41.h3
Ra3 42.Ra6 Nb6 43.Rxa7 Rxa4 44.Rxa4 Nxa4 45.f4 Kf7 46.Kf2 h5
47.Ne3 Kf6 48.Kf3 Nc3 49.Nf1 g6 50.Nd2 Ke6 51.Ne4 Nd5 52.g4 hxg4+
53.hxg4 Kd7 54.Nc5+ Kd6 55.Nb3 Nc3 56.g5 Kd5 57.Nd2 Ke6 58.Kg4
Nd5 59.Nc4 Ne7 60.Ne5 Kd6 61.Kf3 Kd5 62.Nxg6 Nxg6 63.f5 Ne5+
64.Kf4 Nd7 65.g6 Nf6 66.Kg5 1/2-1/2

[Event "Russian Championship HL 2015 Male"]
[Site "Kaliningrad"]
[Date "2015.06.24"]
[Round "3.23"]
[White "Shkapenko, Pavel"]
[Black "Predke, Alexandr"]
[Result "0-1"]
[WhiteElo "2431"]
[BlackElo "2543"]
[PlyCount "0"]
[EventDate "2015.06.22"]

1.e4 e5 2.Nf3 Nc6 3.Bc4 Bc5 4.c3 Nf6 5.d4 exd4 6.cxd4 Bb4+ 7.Bd2
Nxe4 8.Bxb4 Nxb4 9.Bxf7+ Kxf7 10.Qb3+ d5 11.Ne5+ Ke6 12.Qxb4
Qf8 13.Qxf8 Rxf8 14.f3 c5 15.Na3 cxd4 16.Nd3 Nd6 17.Nc2 Nf5 18.O-O-O
Kd6 19.Nde1 Rf7 20.b3 a5 21.Nxd4 a4 22.Ndc2 axb3 23.axb3 Re7
24.Rd2 b6 25.Nd3 Nd4 26.Kb2 Nxc2 27.Rxc2 Bf5 28.Rd1 Rea7 29.Rcd2
Bxd3 30.Rxd3 Ra2+ 31.Kc3 Rc8+ 32.Kb4 Rc5 33.g4 Rxh2 34.Re1 Rh6
35.Re8 Rf6 36.Rd8+ Kc6 37.Rc8+ Kd6 38.Rd8+ Kc7 39.Ra8 Rf4+ 40.Ka3
Kc6 41.Rc8+ Kd6 42.Rd8+ Kc7 43.Ra8 Kb7 44.Rd8 Ra5+ 45.Kb2 Kc7
46.Re8 Kd6 47.Rd8+ Ke7 48.Rb8 Rb5 49.Rb7+ Kf6 50.Rc3 Rfb4 51.Rc6+
Ke5 52.Re7+ Kd4 53.Rc3 Rc5 54.Rxc5 bxc5 55.Kc2 g6 56.f4 Rb8 57.Rxh7
Rf8 58.f5 gxf5 59.gxf5 Rxf5 60.Rc7 Rf2+ 61.Kc1 Rf3 62.Kb2 Rf2+
63.Kc1 Rg2 64.Rc8 Rh2 65.Rc7 Rh8 66.Kc2 Rg8 67.Rc6 Rg3 68.Kb2
Rc3 69.Rh6 Re3 70.Rc6 Re8 71.Kc2 Ra8 72.Rc7 Ra5 73.Rc8 Rb5 74.Re8
Ra5 75.Rc8 Ke5 76.Re8+ Kd6 77.Rd8+ Kc6 78.Re8 Kd6 79.Rd8+ Kc6
80.Kc3 Rb5 81.Rc8+ Kb7 82.Rh8 Rb4 83.Rh7+ Kc6 84.Rh6+ Kb5 85.Rh8
d4+ 86.Kc2 Ka6 87.Rc8 Kb6 88.Rh8 Rb5 89.Rh7 Rb4 90.Rh6+ Ka5 91.Rc6
Rb5 92.Rc8 Kb4 93.Ra8 Rb6 94.Ra4+ Kb5 95.Ra8 Rb7 96.Rd8 Kb4 97.Rd6
Rb8 98.Rd7 Kb5 99.Rh7 Rg8 100.Rb7+ Kc6 101.Rh7 Rg2+ 102.Kc1 Re2
103.Rh8 Kd5 104.Rh5+ Re5 105.Rh4 Rf5 106.Kc2 Rf2+ 107.Kc1 d3
108.Rh8 Kd4 109.Rc8 Rc2+ 110.Kd1 Rb2 0-1

[Event "Russian Championship HL 2015 Male"]
[Site "Kaliningrad"]
[Date "2015.06.24"]
[Round "3.24"]
[White "Rozum, Ivan"]
[Black "Girya, Olga"]
[Result "1-0"]
[WhiteElo "2539"]
[BlackElo "2486"]
[PlyCount "0"]
[EventDate "2015.06.22"]

1.Nf3 d5 2.d4 Nf6 3.c4 e6 4.Nc3 c6 5.cxd5 exd5 6.Bg5 Be7 7.e3
Bf5 8.Bxf6 Bxf6 9.Bd3 Bxd3 10.Qxd3 Be7 11.O-O-O O-O 12.h4 Nd7
13.g4 b5 14.Kb1 Re8 15.g5 Bd6 16.h5 a5 17.Rdg1 Ra7 18.Nh4 Bf8
19.Nf3 g6 20.hxg6 hxg6 21.Rh4 Bg7 22.Rgh1 Qc8 23.Nh2 b4 24.Na4
c5 25.dxc5 Qc6 26.Qc2 Ne5 27.Rd1 Nc4 28.Ng4 Rb7 29.Kc1 Re6 30.b3
Ne5 31.Nh6+ Kf8 32.Rhd4 Nf3 33.Rxd5 Nxg5 34.Rxg5 Bxh6 35.Rgd5
Re8 36.Nb6 Bg7 37.Nc4 1-0

[Event "Russian Championship HL 2015 Male"]
[Site "Kaliningrad"]
[Date "2015.06.24"]
[Round "3.25"]
[White "Gordievsky, Dmitry"]
[Black "Rjabzev, Konstantin"]
[Result "1-0"]
[WhiteElo "2491"]
[BlackElo "2314"]
[PlyCount "0"]
[EventDate "2015.06.22"]

1.d4 d5 2.c4 e6 3.Nf3 Nf6 4.Nc3 Be7 5.Bg5 h6 6.Bxf6 Bxf6 7.Qb3
dxc4 8.Qxc4 O-O 9.Rd1 c6 10.e4 b5 11.Qb3 a5 12.e5 a4 13.Qc2 Be7
14.Qe4 b4 15.Bd3 g6 16.Ne2 Ba6 17.Nf4 Bxd3 18.Rxd3 Kg7 19.h4
b3 20.a3 Nd7 21.h5 g5 22.Nxe6+ fxe6 23.Qg6+ Kh8 24.Qxh6+ Kg8
25.Qg6+ Kh8 26.Qh6+ Kg8 27.Qxe6+ Kh8 28.Qh6+ Kg8 29.Qg6+ Kh8
30.Qh6+ Kg8 31.Rh3 Rf7 32.Rg3 Rg7 33.Nh4 Bxa3 34.Qe6+ Kh7 35.Nf5
Bf8 36.Nxg7 Bxg7 37.Qg6+ Kh8 38.h6 Bf8 39.Rxg5 Bb4+ 40.Kd1 Qg8
41.Qg7+ Qxg7 42.hxg7+ Kg8 43.Rh3 1-0

[Event "Russian Championship HL 2015 Male"]
[Site "Kaliningrad"]
[Date "2015.06.24"]
[Round "3.26"]
[White "Yanchenko, Roman"]
[Black "Bocharov, Ivan"]
[Result "0-1"]
[WhiteElo "2384"]
[BlackElo "2472"]
[PlyCount "0"]
[EventDate "2015.06.22"]

1.d4 f5 2.c4 Nf6 3.Nf3 g6 4.g3 Bg7 5.Bg2 O-O 6.O-O d6 7.b3 e5
8.Nc3 e4 9.Ne1 c5 10.Nc2 Nc6 11.Bb2 d5 12.dxc5 dxc4 13.bxc4 Be6
14.Ne3 Qxd1 15.Raxd1 Nd7 16.Ned5 Rad8 17.Bc1 Nxc5 18.Ba3 b6 19.Bxc5
bxc5 20.Na4 Nb4 21.Nxc5 Bxd5 22.cxd5 Rxd5 23.Ne6 Rf6 24.Nxg7
Kxg7 25.Rxd5 Nxd5 26.Rd1 Nc3 27.Rd7+ Rf7 28.Rd2 Kf6 29.e3 Ke5
30.Bf1 Rc7 31.h4 h6 32.Rb2 g5 33.hxg5 hxg5 34.a3 f4 35.gxf4+
gxf4 36.exf4+ Kxf4 37.Rb8 Rc5 38.Rb7 Ra5 39.Rb3 Na4 40.Rb5 Rxb5
41.Bxb5 Nc3 42.a4 a5 43.Be8 Ke5 44.Kg2 Ne2 45.Bb5 Nd4 46.Bd7
Kf4 47.Be8 Nb3 48.Bb5 Nc5 49.Be8 Nd3 50.Bd7 Nc1 51.Bb5 Na2 52.Bc6
Nc3 53.Be8 Ke5 54.Kg3 Ne2+ 55.Kg4 Nf4 56.Kg3 Nd5 57.Bc6 Nc3 58.Be8
Nd1 59.Bh5 Nb2 60.Be8 Kd4 61.Bb5 Nd1 62.Bc6 Kd3 63.Bb5+ Kd2 64.Bc6
Nxf2 0-1

[Event "Russian Championship HL 2015 Male"]
[Site "Kaliningrad"]
[Date "2015.06.24"]
[Round "3.27"]
[White "Zenzera, Alexey"]
[Black "Musaev, Rasul"]
[Result "1-0"]
[WhiteElo "2440"]
[BlackElo "2341"]
[PlyCount "0"]
[EventDate "2015.06.22"]

1.d4 g6 2.c4 Bg7 3.Nf3 c5 4.e4 cxd4 5.Nxd4 Nc6 6.Be3 d6 7.Nc3
Bd7 8.Be2 Nf6 9.O-O O-O 10.Nc2 Ne8 11.Rc1 Rc8 12.Qd2 f5 13.exf5
Bxf5 14.Nd4 Bd7 15.b3 Nf6 16.h3 a6 17.Rfe1 Qe8 18.Nxc6 Bxc6 19.a4
Kh8 20.Bf1 Qf7 21.b4 Bd7 22.c5 a5 23.bxa5 dxc5 24.a6 bxa6 25.Bxa6
Ra8 26.Bb5 Rfd8 27.Qe2 Bxb5 28.axb5 Nd7 29.Ne4 Nb6 30.Bxc5 Nd5
31.Ng5 Qf5 32.Ne6 Rd7 33.Nxg7 Kxg7 34.Rcd1 Nc3 35.Bd4+ Rxd4 36.Qxe7+ 1-0